000 00455nam a2200133Ia 4500
008 220217s9999 xx 000 0 und d
245 0 _aMethods of testing vulcanized rubber. Part B17. Determination of total copper
260 _aLondon
260 _c1959
_bBritish Standards Institution
490 _aBritish Standards Institution
500 _aStandard number: BS 903: Part B 17
650 _aRubber vulcanized, Total copper determination
942 _cST
999 _c73261
_d73261